Billa expanduje a oslavuje
V obchodnom roku 2008 zaznamenala slovenská maloobchodná sieť Billa pozitívny vývoj. Brutto obrat dosiahol 480 mil. eur. Rok 2009 sprevádza ďalšia expanzia. Spolupráca s Českom. Kampaň 100-krát Billa.
Uložené v:
| Hlavný autor: | |
|---|---|
| Médium: | Kapitola |
| Jazyk: | Slovak |
| Predmet: | |
| Tagy: |
Žiadne tagy, Buďte prvý, kto otaguje tento záznam!
|
MARC
| LEADER | 00000naa$a2200000$$$4500 | ||
|---|---|---|---|
| 001 | 0102421 | ||
| 005 | 20231128094135.9 | ||
| 041 | 0 | |a slo | |
| 044 | |a SK | ||
| 245 | 1 | 0 | |a Billa expanduje a oslavuje |c Andrea Hinková-Dibarborová |
| 520 | |a V obchodnom roku 2008 zaznamenala slovenská maloobchodná sieť Billa pozitívny vývoj. Brutto obrat dosiahol 480 mil. eur. Rok 2009 sprevádza ďalšia expanzia. Spolupráca s Českom. Kampaň 100-krát Billa. | ||
| 610 | 2 | 0 | |a siete maloobchodné |
| 610 | 2 | 0 | |a Slovensko |
| 100 | 1 | |a Hinková-Dibarborová, Andrea | |